000 00302nam a22001217a 4500
008 230629b xxu||||| |||| 00| 0 eng d
082 _a338.926
_bEAC 2000
245 _aScience and Technology Policy in East Africa
260 _aArusha
_bEAC
_c2000
300 _aIX,313p
440 _n1
942 _2ddc
_cBK
999 _c3024
_d3024